| Tag |
First Indicator |
Second Indicator |
Subfields |
| LEADER |
00000cam a22000004a 4500 |
| 001 |
in00001572012 |
| 005 |
20151022081827.0 |
| 008 |
990519s1999 mdua b 001 0 eng |
| 010 |
|
|
|a 99032070
|
| 015 |
|
|
|a GB99-V9034
|
| 020 |
|
|
|a 155766398X (alk. paper)
|
| 035 |
|
|
|a (OCoLC)ocm41439634
|
| 040 |
|
|
|a DLC
|c DLC
|d UKM
|d C#P
|d TXA
|d UtOrBLW
|
| 042 |
|
|
|a pcc
|
| 049 |
|
|
|a TXAM
|
| 050 |
0 |
0 |
|a RJ506.H9
|b W63 2000
|
| 082 |
0 |
0 |
|a 618.92/8589
|2 21
|
| 100 |
1 |
|
|a Wodrich, David L.,
|d 1948-
|
| 245 |
1 |
0 |
|a Attention-deficit/hyperactivity disorder :
|b what every parent wants to know /
|c by David L. Wodrich.
|
| 250 |
|
|
|a 2nd ed.
|
| 264 |
|
1 |
|a Baltimore, MD :
|b Paul H. Brookes Pub. Co.,
|c 2000.
|
| 300 |
|
|
|a xv, 285 pages :
|b illustrations ;
|c 23 cm.
|
| 336 |
|
|
|a text
|b txt
|2 rdacontent
|
| 337 |
|
|
|a unmediated
|b n
|2 rdamedia
|
| 338 |
|
|
|a volume
|b nc
|2 rdacarrier
|
| 504 |
|
|
|a Includes bibliographical references (pages 265-272) and index.
|
| 650 |
|
0 |
|a Attention-deficit hyperactivity disorder.
|
| 650 |
|
0 |
|a Hyperactive children
|x Family relationships.
|
| 650 |
|
4 |
|a Attention-deficit hyperactivity disorder
|x Popular works.
|
| 994 |
|
|
|a E0
|b TXA
|
| 948 |
|
|
|a cataloged
|b h
|c 2000/10/26
|d c
|e lmiller
|f 5:12:02 pm
|
| 999 |
|
|
|a MARS
|
| 999 |
f |
f |
|s 7c8e4b66-e5f2-34c3-8d69-c220a15c1228
|i c4514c86-5953-39e7-a213-7f125c4cf82e
|t 0
|
| 952 |
f |
f |
|p normal
|a Texas A&M University
|b College Station
|c Sterling C. Evans Library
|d Evans: Library Stacks
|t 0
|e RJ506.H9 W63 2000
|h Library of Congress classification
|i unmediated -- volume
|m A14826939151
|
| 998 |
f |
f |
|a RJ506.H9 W63 2000
|t 0
|l Evans: Library Stacks
|